01449nam a2200397 i 450000100060000000300080000600500170001400600190003100700150005000800410006502000270010603500220013304000310015505000200018608000140020608200150022010000370023524500740027226400500034630000410039633600310043733700330046833800430050150000230054450000220056750400420058958800830063159001620071465000200087665000140089665000160091065500270092679700180095385600630097199900170103491600FINmELB20241217172034.0m o d | cr cnu||||||||230824s2023 mx ob 001 0 spa d a9786077413462q(print) a(OCoLC)1399429456 aFINmELBbspaerdacFINmELB 4aHQ21bS729 2023 a613.880.404a613.962231 aSouza y Chamorro, Mario,eautor.10aErotismo y pareja :bVicisitudes del deseo /cMario Souza y Machorro. 1aCiudad de México :bEditorial Alfil,c2023. a1 recurso en línea (382 páginas) atextobtxt2rdacontent/spa acomputadorabc2rdamedia/spa arecurso en líneabcr2rdacarrier/spa aIncluye epílogo. aIncluye índice. aIncluye referencias bibliográficas. aDescripción basada en metadatos suministrados por el editor y otras fuentes. aRecurso electrónico. Santa Fe, Arg.: elibro, 2023. Disponible vía World Wide Web. El acceso puede estar limitado para las bibliotecas afiliadas a elibro. 4aImpulso sexual. 4aLíbido. 4aSexualidad. 4aLibros electrónicos.2 aelibro, Corp.40uhttps://elibro.net/ereader/politecnicointernacional/233265 c91600d91600